<?xml version="1.0" encoding="UTF-8"?><marc:collection xmlns:marc="http://www.loc.gov/MARC21/slim">
  <marc:record>
    <marc:leader>00000nam##2200000za#4500</marc:leader>
    <marc:controlfield tag="001">9.646739</marc:controlfield>
    <marc:controlfield tag="003">CaOODSP</marc:controlfield>
    <marc:controlfield tag="005">20200330132735</marc:controlfield>
    <marc:controlfield tag="007">ta</marc:controlfield>
    <marc:controlfield tag="008">150407|1997||||xxc|||||     f|0| 0 eng|d</marc:controlfield>
    <marc:datafield tag="020" ind1=" " ind2=" ">
      <marc:subfield code="a">0-662-26188-7</marc:subfield>
    </marc:datafield>
    <marc:datafield tag="040" ind1=" " ind2=" ">
      <marc:subfield code="a">CaOODSP</marc:subfield>
      <marc:subfield code="b">eng</marc:subfield>
    </marc:datafield>
    <marc:datafield tag="043" ind1=" " ind2=" ">
      <marc:subfield code="a">n-cn---</marc:subfield>
    </marc:datafield>
    <marc:datafield tag="086" ind1="1" ind2=" ">
      <marc:subfield code="a">H68-43/1997E</marc:subfield>
    </marc:datafield>
    <marc:datafield tag="110" ind1="1" ind2=" ">
      <marc:subfield code="a">Canada.</marc:subfield>
      <marc:subfield code="b">Health Canada. </marc:subfield>
      <marc:subfield code="b">National Council of Welfare.</marc:subfield>
    </marc:datafield>
    <marc:datafield tag="245" ind1="1" ind2="0">
      <marc:subfield code="a">Another look at welfare reform : </marc:subfield>
      <marc:subfield code="b">a report by the National Council of Welfare </marc:subfield>
    </marc:datafield>
    <marc:datafield tag="260" ind1=" " ind2=" ">
      <marc:subfield code="a">Ottawa - Ontario : </marc:subfield>
      <marc:subfield code="b">Health Canada. </marc:subfield>
      <marc:subfield code="c">1997.</marc:subfield>
    </marc:datafield>
    <marc:datafield tag="300" ind1=" " ind2=" ">
      <marc:subfield code="a">128p. : </marc:subfield>
      <marc:subfield code="b">graphs, references, tables ; </marc:subfield>
      <marc:subfield code="c">28 cm.</marc:subfield>
    </marc:datafield>
    <marc:datafield tag="500" ind1=" " ind2=" ">
      <marc:subfield code="a">"The report begins with a look at fiscal restraints originating in Ottawa and then turns to changes in welfare policy by province and territory. The individual provincial chapters are followed by an analysis of two of the factors with the most impact on the welfare system, jobs and money, and a concluding chapter that contains a series of recommendations for improving welfare in Canada."--Preface.</marc:subfield>
    </marc:datafield>
    <marc:datafield tag="520" ind1="3" ind2=" ">
      <marc:subfield code="a">The report begins with a look at fiscal restraints originating in Ottawa and then turns to changes in welfare policy by province and territory. The individual provincial chapters are followed by an analysis of two of the factors with the most impact on the welfare system, jobs and money, and a concluding chapter that contains a series of recommendations for improving welfare in Canada.--Preface</marc:subfield>
    </marc:datafield>
    <marc:datafield tag="563" ind1=" " ind2=" ">
      <marc:subfield code="a">Softcover</marc:subfield>
    </marc:datafield>
    <marc:datafield tag="590" ind1=" " ind2=" ">
      <marc:subfield code="a">97-48</marc:subfield>
      <marc:subfield code="b">1997-11-28</marc:subfield>
    </marc:datafield>
    <marc:datafield tag="690" ind1="0" ind2="7">
      <marc:subfield code="a">Welfare</marc:subfield>
      <marc:subfield code="2">gcpds</marc:subfield>
    </marc:datafield>
    <marc:datafield tag="775" ind1="0" ind2="8">
      <marc:subfield code="t">Un autre regard sur la réforme du bien-être social : </marc:subfield>
      <marc:subfield code="w">(CaOODSP)9.680257</marc:subfield>
    </marc:datafield>
    <marc:datafield tag="776" ind1="0" ind2="#">
      <marc:subfield code="t">Another look at welfare reform </marc:subfield>
      <marc:subfield code="w">(CaOODSP)9.696591</marc:subfield>
    </marc:datafield>
  </marc:record>
</marc:collection>
